Maltese Members of Parliament - Statistics

General Stats
  • This quiz has been taken 5 times
  • The average score is 61 of 79
Answer Stats
Hint Answer % Correct
Member of Parliament Aaron Farrugia
100%
Member of Parliament Abigail Camilleri
100%
Leader of the Opposition Alex Borg
100%
Parliamentary Secretary for Fisheries, Aquaculture and Animal Welfare Alicia Bugeja Said
100%
Member of Parliament Amanda Spiteri Grech
100%
Shadow Minister for Foreign Affairs Beppe Fenech Adami
100%
Shadow Minister for Capital Projects and Infrastructure Bernard Grech
100%
Shadow Minister for Youth and Local Government Bernice Bonello
100%
Minister for Home Affairs, Security and Employment Byron Camilleri
100%
Member of Parliament Carmelo Abela
100%
Shadow Minister for Constitutional Reform, National Identity and Intercultural Dialogue Carmelo Mifsud Bonnici
100%
Shadow Minister for National Heritage and Delights Charles Azzopardi
100%
Shadow Minister for Gozo Chris Said
100%
Minister for Education and Sport Clifton Grima
100%
Minister for Gozo Clint Camilleri
100%
Minister for Finance Clyde Caruana
100%
Shadow Minister for Climate Change and Public Cleanliness Eve Borg Bonello
100%
Deputy Prime Minister and Minister for Foreign and European Affairs and Trade Ian Borg
100%
Minister for Health and Active Ageing Jo Etienne Abela
100%
Minister for Justice and Reform of the Construction Sector of Malta Jonathan Attard
100%
Shadow Minister for Culture and the Creative Economy Julie Zahra
100%
Shadow Minister for Education Justin Schembri
100%
Parliamentary Secretary for Youth, Research and Innovation Keith Azzopardi Tanti
100%
Minister for Social Policy and Children's Rights Michael Falzon
100%
Member of Parliament Michael Farrugia
100%
Minister for the Environment, Energy and Public Cleanliness Miriam Dalli
100%
Parliamentary Secretary for Public Works Omar Farrugia
100%
Minister for Culture, Lands and Local Government Owen Bonnici
100%
Assistant Whip and Shadow Minister for Active Ageing Paula Mifsud Bonnici
100%
Member of Parliament Ramona Attard
100%
Member of Parliament Ray Abela
100%
Shadow Minister for the Environment Rebekah Borg
100%
Prime Minister Robert Abela
100%
Opposition Whip, Parliamentary Group Secretary and Shadow Minister for the Self-Employed, Small Enterprises and Cooperatives Robert Cutajar
100%
Member of Parliament Rosianne Cutajar
100%
Minister for the Economy, Enterprise and Strategic Projects Silvio Schembri
100%
Minister for European Funds and the Implementation of the Electoral Programme Stefan Zrinzo Azzopardi
100%
Shadow Minister for Finance Adrian Delia
67%
Shadow Minister for Neurodivergence and Child Protection Albert Buttigieg
67%
Member of Parliament Alex Muscat
67%
Parliamentary Secretary for Social Dialogue and Accommodation Andy Ellul
67%
Minister for Agriculture, Fisheries and Animal Rights Anton Refalo
67%
Member of Parliament Christopher Agius
67%
Shadow Minister for Research and Development Claudette Buttigieg
67%
Member of Parliament Clayton Bartolo
67%
Member of Parliament Cressida Galea
67%
Deputy Speaker and Shadow Minister for Sport and Volunteering David Agius
67%
Parliamentary Secretary for Public Cleanliness Glenn Bedingfield
67%
Shadow Minister for Inclusion and Consumer Rights Graziella Galea
67%
Shadow Minister for Social and Affordable Housing, Combating Poverty and Loneliness Ivan Bartolo
67%
Shadow Minister for Innovation and Artificial Intelligence Ivan J Bartolo
67%
Shadow Minister for Animal Welfare Janice Chetcuti
67%
Shadow Minister for Economy and Enterprise Jerome Caruana Cilia
67%
Shadow Minister for Justice Joe Giglio
67%
Minister for Inclusion, Social Wellbeing and Voluntary Organisations Julia Farrugia Portelli
67%
Shadow Minister for Public Sector Administration and Efficiency Karol Aquilina
67%
Parliamentary Secretary for Active Ageing Malcolm Paul Agius Galea
67%
Shadow Minister for Energy and Water Conservation Mark Anthony Sammut
67%
Government Whip Naomi Cachia
67%
Parliamentary Secretary for Reforms and Equality Rebecca Buttigieg
67%
Member of Parliament Roderick Galdes
67%
Member of Parliament Romilda Baldacchino Zarb
67%
Shadow Minister for Energy, Research and Innovation, including water conservation, natural resources, science and technology Ryan Callus
67%
Shadow Minister for Planning and Lands Stanley Zammit
67%
Shadow Minister for Health Stephen Spiteri
67%
Shadow Minister for Transport, Agriculture and Fisheries Toni Bezzina
67%
Parliamentary Secretary for Local Government Alison Zerafa Civelli
33%
Minister for Transport, Infrastructure and Public Works Chris Bonett
33%
Member of Parliament Chris Fearne
33%
PAC Chairperson and Shadow Minister for Home Affairs and Security Darren Carabott
33%
Member of Parliament Davina Sammut Hili
33%
Member of Parliament Deo Debattista
33%
Member of Parliament Edward Zammit Lewis
33%
Shadow Minister for Social Security and European Funds Graham Bencini
33%
Shadow Minister for Equality, Civil Liberties and Public Broadcasting Graziella Attard Previ
33%
Shadow Minister for Preventive and Primary Care Ian Vassallo Hagi
33%
Shadow Minister for Employment , Maritime Affairs and Aviation Ivan Castillo
33%
Member of Parliament Katya De Giovanni
33%
Shadow Minister for Tourism Mario De Marco
33%
No matching quizzes found
Score Distribution
Percent of People with Each Score
Percentile by Number Answered
Your Score History
You have not taken this quiz